000 00486nam a2200181 4500
003 SEACOMMC
005 20241021124000.0
008 241021b |||||||| |||| 00| 0 eng d
020 _a9789350971413
_cRs.175.00
040 _aSEACOMMC
082 _a428.2
_bR 149
100 _a Rai, Urmila
245 1 _aBusiness communication
_c Urmila Rai & S.M Rai
250 _a9th rev.ed.
260 _aMumbai
_b Himalaya Publishing House
_c2007
650 _a Business communication
942 _cBOOK
999 _c668
_d668